000 00461nam a2200181Ia 4500
008 090124s9999 xx 000 0 und d
082 _b115314
100 _aपेंढरकर य.दि.
245 _a घायाळ
250 _a1
260 _c1944
300 _a89
600 _aपेंढरकर य.दि.
630 _a घायाळ
700 _aपेंढरकर य.दि.
730 _a घायाळ
942 _cBOOK
999 _c161405
_d161405